Odlewnictwo metali nieżelaznych / (Rekord nr 13915)
| 000 -ETYKIETA REKORDU | |
|---|---|
| podpole kontrolne o stałej długości | 01118nam a2200325 i 4500 |
| 001 - NUMER KONTROLNY REKORDU | |
| pole kontrolne | 13915 |
| 003 - IDENTYFIKATOR NUMERU KONTROLNEGO REKORDU | |
| podpole kontrolne | KOSZ 005 |
| 005 - DATA OSTATNIEJ MODYFIKACJI REKORDU | |
| podpole kontrolne | 20200116161925.0 |
| 008 - POLE O STAŁEJ DŁUGOŚCI - DANE KONTROLNE | |
| podpole kontrolne o stałej długości | 070904s1970 pl a f 001 0 pol |
| 015 ## - NUMER BIBLIOGRAFII NARODOWEJ | |
| Numer bibliografii narodowej | PB 1970/10786 |
| 040 ## - ŹRÓDŁO KATALOGOWANIA | |
| Instytucja, która sporządziła opis | WA N |
| Instytucja, która utworzyła rekord | WA N |
| Instytucja, która dokonała modyfikacji | KOSZ 005/HR |
| 080 ## - UNIWERSALNA KLASYFIKACJA DZIESIĘTNA - UKD | |
| UKD | 621.74 |
| 080 ## - UNIWERSALNA KLASYFIKACJA DZIESIĘTNA - UKD | |
| UKD | 669.2/.8 |
| 100 1# - NAZWA OSOBOWA | |
| Nazwa osobowa | Jemielewski, Janusz. |
| Określenie rodzaju współpracy | Autor |
| 245 10 - TYTUŁ/ODPOWIEDZIALNOŚĆ | |
| Tytuł | Odlewnictwo metali nieżelaznych / |
| Pozostałe elementy strefy tytułu i oznaczenia odpowiedzialności | Janusz Jemielewski. |
| 260 ## - STREFA ADRESU WYDAWNICZEGO | |
| Miejsce wydania | Warszawa : |
| Nazwa wydawcy/dystrybutora | Wydawnictwa Naukowo-Techniczne, |
| Data publikacji, dystrybucji/powstania dokumentu | 1970. |
| 300 ## - STREFA OPISU FIZYCZNEGO | |
| Objętość | 652, [3] strony : |
| Inne cechy fizyczne | ilustracje ; |
| Rozmiary | 25 cm. |
| 336 ## - TYP ZAWARTOŚCI | |
| Termin opisujący typ zawartości | Tekst |
| Kod określający zawartość | txt |
| Źródło (terminu i kodu) | rdacontent |
| 337 ## - TYP MEDIÓW | |
| Tryb odtwarzania | Bez urządzenia pośredniczącego |
| Kod typu mediów | n |
| Źródło (terminu i kodu) | rdamedia |
| 338 ## - TYP/RODZAJ NOŚNIKA | |
| Hasło opisujące typ nośnika | Wolumin |
| Kod typu nośnika | nc |
| Źródło (terminu i kodu) | rdacarrier |
| 380 ## - FORMA I TYP PUBLIKACJI | |
| Forma i typ publikacji | Książki. |
| 504 ## - UWAGA DOTYCZĄCA BIBLIOGRAFII | |
| Informacje o bibliografii | Bibliografia na stronach 643-[644]. Indeks. |
| 658 ## - TERMIN INDEKSOWY - PRZEDMIOT PROGRAMU NAUCZANIA | |
| Główny przedmiot programu nauczania | Inżynieria i technika |
| 650 #4 - HASŁO PRZEDMIOTOWE W FORMIE NAZWY OGÓLNEJ LUB JEDNOSTKOWEJ | |
| Nazwa ogólna lub geograficzna | Odlewnictwo |
| 650 #4 - HASŁO PRZEDMIOTOWE W FORMIE NAZWY OGÓLNEJ LUB JEDNOSTKOWEJ | |
| Nazwa ogólna lub geograficzna | Metalurgia |
| 650 #4 - HASŁO PRZEDMIOTOWE W FORMIE NAZWY OGÓLNEJ LUB JEDNOSTKOWEJ | |
| Nazwa ogólna lub geograficzna | Metale nieżelazne |
| 710 2# - HASŁO DODATKOWE - NAZWA CIAŁA ZBIOROWEGO | |
| Nazwa ciała zbiorowego lub jednostki geograficznej | Wydawnictwa Naukowo-Techniczne |
| Kod określenia powiązania | pbl. |
| 856 ## - LOKALIZACJA I DOSTĘP DO ELEKTRONICZNYCH DOKUMENTÓW ZDALNYCH | |
| Link (URL) | http://koha.tu.koszalin.pl/cgi-bin/koha/opac-detail.pl?biblionumber=13915 |
| Tekst linku | Katalog online BPK |
| 942 ## - DODATKOWE ELEMENTY (KOHA) | |
| Schemat klasyfikacji | Uniwersalna Klasyfikacja Dziesiętna |
| Typ dokumentu | Książka |
| Wycofany | Status egzemplarza | Uszkodzony | Dostępność | Lokalizacja stała | Lokalizacja bieżąca | Miejsce przechowywania | Sygnatura | Kod kreskowy | Typ dokumentu | Ostatnio wypożyczono | Numer ubytku | Dział |
|---|---|---|---|---|---|---|---|---|---|---|---|---|
| Dostępny | Biblioteka Politechniki Koszalińskiej | Biblioteka Politechniki Koszalińskiej | Wypożyczalnia BG | 9043 | 01372694 | Książka | ||||||
| Dostępny | Biblioteka Politechniki Koszalińskiej | Biblioteka Politechniki Koszalińskiej | Wypożyczalnia BG | 9044 | 01477818 | Książka | ||||||
| Dostępny | Biblioteka Politechniki Koszalińskiej | Biblioteka Politechniki Koszalińskiej | Wypożyczalnia BG | 9326 | 01093469 | Książka | 11.04.2023 | |||||
| Egz. niedostępny | Niedostępny | Biblioteka Politechniki Koszalińskiej | Biblioteka Politechniki Koszalińskiej | 11715 | 02051680 | Książka | 6775 | |||||
| Dostępny | Biblioteka Politechniki Koszalińskiej | Biblioteka Politechniki Koszalińskiej | Wypożyczalnia BG | 11716 | 01476705 | Książka | ||||||
| Dostępny | Biblioteka Politechniki Koszalińskiej | Biblioteka Politechniki Koszalińskiej | Wypożyczalnia BG | 11717 | 01476712 | Książka | ||||||
| Dostępny | Biblioteka Politechniki Koszalińskiej | Biblioteka Politechniki Koszalińskiej | Wypożyczalnia BG | 11718 | 01476729 | Książka | ||||||
| Dostępny | Biblioteka Politechniki Koszalińskiej | Biblioteka Politechniki Koszalińskiej | Wypożyczalnia BG | 11719 | 01476736 | Książka | ||||||
| Dostępny | Biblioteka Politechniki Koszalińskiej | Biblioteka Politechniki Koszalińskiej | Wypożyczalnia BG | 11720 | 01756739 | Książka | ||||||
| Dostępny | Biblioteka Politechniki Koszalińskiej | Biblioteka Politechniki Koszalińskiej | Wypożyczalnia BG | 11721 | 01756746 | Książka | ||||||
| Dostępny | Biblioteka Politechniki Koszalińskiej | Biblioteka Politechniki Koszalińskiej | Wypożyczalnia BG | 11722 | 01756753 | Książka | ||||||
| Dostępny | Biblioteka Politechniki Koszalińskiej | Biblioteka Politechniki Koszalińskiej | Wypożyczalnia BG | 11723 | 01756760 | Książka | ||||||
| Tylko na miejscu | Biblioteka Politechniki Koszalińskiej | Biblioteka Politechniki Koszalińskiej | Czytelnia BG | 11724 | 01756777 | Książka | 669 Metalurgia. Metaloznawstwo | |||||
| Egz. niedostępny | Niedostępny | Biblioteka Politechniki Koszalińskiej | Biblioteka Politechniki Koszalińskiej | Magazyn Rezerw | Książka |
